US Singers - Sudden Death - Statistics

General Stats
  • This quiz has been taken 112 times
  • The average score is 11 of 19
Answers on the Grid
Answers color-coded by a green-red scale on the quiz's grid according to % correct below.
Tina Turner
Rihanna
Donna Summer
Bryan Adams
Eminem
Billy Idol
Britney Spears
David Bowie
Johnny Cash
Enrique Iglesias
Roy Orbison
Bob Marley
Jennifer Lopez
Petula Clark
Beyonce
Jason Donovan
Justin Timberlake
Celine Dion
Elvis Presley
Gloria Estefan
Carly Simon
Tom Jones
Billie Eilish
Sabrina Carpenter
Dionne Warwick
Marvin Gaye
Bing Crosby
Michael Jackson
Bruce Springsteen
Pharrell Williams
 
Answer Stats
Answer % Correct
Eminem
84%
Tina Turner
80%
Elvis Presley
73%
Britney Spears
72%
Michael Jackson
72%
Bruce Springsteen
64%
Johnny Cash
64%
Beyonce
62%
Justin Timberlake
61%
Marvin Gaye
55%
Pharrell Williams
54%
Sabrina Carpenter
54%
Jennifer Lopez
53%
Donna Summer
51%
Billie Eilish
50%
Dionne Warwick
43%
Roy Orbison
41%
Bing Crosby
39%
Carly Simon
36%
No matching quizzes found
Score Distribution
Percent of People with Each Score
Percentile by Number Answered
Your Score History
You have not taken this quiz